000 00885nam a2200265 a 4500
001 000018609
005 20260420094329.0
008 100512s2009 dr 000 0 spa d
040 _aDO-SdBNP
_bspa
_cBNPHU
082 _a346.02
_bH557t
100 1 _aHernández, Pedro Pablo
_910463
245 1 0 _aTeorías de las obligaciones /
_cPedro Pablo Hernández.
260 _aSanto Domingo :
_bCentenario,
_c2009.
300 _a610 p. ;
_c23 cm.
500 _aIncluye referencias bibliográficas y notas al pie de las páginas
504 _aBibliografía : p. 521-524
590 _aInventariado,2018/DG
650 0 _aObligaciones (Derecho)
_921560
650 4 _aDerecho civil
_93574
650 0 _aActos jurídicos
_940216
650 0 _aContratos
_940217
650 4 _aCuasicontratos
_940218
650 4 _aResponsabilidad civil
_914308
910 _aValidado. Control de calidad MMOLINA
999 _c18129
_d18129